000 00705nam a2200229 a 4500
008
020 _a038059451X (pbk.)
049 _aMAIN
090 _aHD70
_bOUC
100 1 _aOuchi, William G.
245 1 0 _aTheory Z :
_bhow American business can meet the Japanese challlenge /
_cWilliam G. Ouchi.
260 _aNew York :
_bAvon,
_c1981.
300 _axii, 244 p. ;
_c18 cm.
500 _aIncludes index.
500 _aIncludes bibliographical references.
650 1 _aIndustrial management-Japan
_vIndustrial management.
907 _a.b10280029
_b13-09-10
_c04-08-10
003
005 20230120134357.0
040 _cNUST
942 _cBOOKS
_kHD70
_mOUC
999 _c96676
_d96676